In America (Record no. 18093)
[ view plain ]
| 000 -LEADER | |
|---|---|
| fixed length control field | 01745cgm a22004097a 4500 |
| 007 - PHYSICAL DESCRIPTION FIXED FIELD--GENERAL INFORMATION | |
| fixed length control field | vd cgaizm |
| 008 - FIXED-LENGTH DATA ELEMENTS--GENERAL INFORMATION | |
| fixed length control field | 140305t2004 xxu101 e |||| 0| vleng d |
| 020 ## - INTERNATIONAL STANDARD BOOK NUMBER | |
| International Standard Book Number | 5039036015783 |
| 082 04 - DEWEY DECIMAL CLASSIFICATION NUMBER | |
| Edition number | 22 |
| Classification number | 791.4372 |
| Item number | INA |
| 245 00 - TITLE STATEMENT | |
| Title | In America |
| Medium | [videorecording] / |
| Statement of responsibility, etc | Fox Searchlight, a Hell's Kitchen production, a Jim Sheridan film ; produced by Jim Sheridan and Arthur Lappin ; written by Jim Sheridan, Naomi Sheridan, Kirsten Sheridan ; directed by Jim Sheridan. |
| 260 ## - PUBLICATION, DISTRIBUTION, ETC. (IMPRINT) | |
| Place of publication, distribution, etc | [Los Angeles, United States] : |
| Name of publisher, distributor, etc | Twentieth Century Fox Home Entertainment, |
| Date of publication, distribution, etc | c.2004. |
| 300 ## - PHYSICAL DESCRIPTION | |
| Extent | 1 videodisc (101 min.) : |
| Other physical details | sd., col. ; |
| Dimensions | 4 3/4 in. |
| 508 ## - CREATION/PRODUCTION CREDITS NOTE | |
| Creation/production credits note | Director of photography Declan Quinn ; editor Naomi Geraghty ; music composers Gavin Friday and Maurice Seezer. |
| 511 ## - PARTICIPANT OR PERFORMER NOTE | |
| Participant or performer note | Samantha Morton, Paddy Considine, Djimon Hounsou. |
| 521 ## - TARGET AUDIENCE NOTE | |
| Target audience note | Suitable only for persons of 15 years and over. |
| 586 ## - AWARDS NOTE | |
| Awards note | 3 Academy award nomination. |
| 650 #0 - SUBJECT ADDED ENTRY--TOPICAL TERM | |
| Topical term or geographic name as entry element | Emigration and immigration |
| Form subdivision | Drama |
| 9 (RLIN) | 35385 |
| 650 #0 - SUBJECT ADDED ENTRY--TOPICAL TERM | |
| Topical term or geographic name as entry element | Parent and child |
| Form subdivision | Drama |
| 9 (RLIN) | 35386 |
| 653 ## - INDEX TERM--UNCONTROLLED | |
| -- | GGEN |
| -- | March2014 |
| 700 1# - ADDED ENTRY--PERSONAL NAME | |
| Personal name | Morton, Samantha, |
| 9 (RLIN) | 35387 |
| 700 1# - ADDED ENTRY--PERSONAL NAME | |
| Personal name | Considine, Paddy, |
| 9 (RLIN) | 35388 |
| 700 1# - ADDED ENTRY--PERSONAL NAME | |
| Personal name | Hounsou, Djimon, |
| Dates associated with a name | 1989- |
| 9 (RLIN) | 35389 |
| 700 1# - ADDED ENTRY--PERSONAL NAME | |
| Personal name | Seezer, Maurice, |
| 9 (RLIN) | 35390 |
| 700 1# - ADDED ENTRY--PERSONAL NAME | |
| Personal name | Friday, Gavin, |
| 9 (RLIN) | 35391 |
| 700 1# - ADDED ENTRY--PERSONAL NAME | |
| Personal name | Geraghty, Naomi, |
| 9 (RLIN) | 35392 |
| 700 1# - ADDED ENTRY--PERSONAL NAME | |
| Personal name | Quinn, Declan, |
| 9 (RLIN) | 35393 |
| 700 1# - ADDED ENTRY--PERSONAL NAME | |
| Personal name | Sheridan, Jim, |
| 9 (RLIN) | 35402 |
| 700 1# - ADDED ENTRY--PERSONAL NAME | |
| Personal name | Sheridan, Kirsten, |
| 9 (RLIN) | 35395 |
| 700 1# - ADDED ENTRY--PERSONAL NAME | |
| Personal name | Sheridan, Naomi, |
| 9 (RLIN) | 35396 |
| 700 1# - ADDED ENTRY--PERSONAL NAME | |
| Personal name | Lappin, Arthur |
| 9 (RLIN) | 35397 |
| 700 1# - ADDED ENTRY--PERSONAL NAME | |
| Personal name | Sheridan, Jim, |
| 9 (RLIN) | 35403 |
| 710 2# - ADDED ENTRY--CORPORATE NAME | |
| Corporate name or jurisdiction name as entry element | Jim Sheridan film |
| 9 (RLIN) | 35404 |
| 710 2# - ADDED ENTRY--CORPORATE NAME | |
| Corporate name or jurisdiction name as entry element | Hell’s Kitchen Productions |
| 9 (RLIN) | 35405 |
| 710 2# - ADDED ENTRY--CORPORATE NAME | |
| Corporate name or jurisdiction name as entry element | Fox Searchlight |
| 9 (RLIN) | 35406 |
| 710 2# - ADDED ENTRY--CORPORATE NAME | |
| Corporate name or jurisdiction name as entry element | Fox Searchlight Pictures |
| 9 (RLIN) | 35407 |
| 942 ## - ADDED ENTRY ELEMENTS (KOHA) | |
| Source of classification or shelving scheme | Dewey Decimal Classification |
| Item type | |
| Call number prefix | 791.4372 |
| Withdrawn status | Lost status | Source of classification or shelving scheme | Damaged status | Not for loan | Koha collection | Home library | Current library | Shelving location | Date acquired | Source of acquisition | Cost, normal purchase price | Total Checkouts | Full call number | Barcode | Date last seen | Cost, replacement price | Koha item type |
|---|---|---|---|---|---|---|---|---|---|---|---|---|---|---|---|---|---|
| Dewey Decimal Classification | Baccah | Central Library | Central Library | Second Floor | 05/03/2014 | Purchase | 159.00 | 791.4372 INA | 000035673 | 24/08/2022 | 198.75 | CD | DVD - Movie (NB) |